logo

Bir Sreshtho Munshi Abdur Rouf Library
Jhenaidah Cadet College

পিঁপড়া / (Record no. 2078)

MARC details
000 -LEADER
fixed length control field 00690nam a2200241 a 4500
001 - CONTROL NUMBER
JCCL Control Number 2078
003 - CONTROL NUMBER IDENTIFIER
JCCL marc code BD-JhCC
005 - DATE AND TIME OF LATEST TRANSACTION
control field 20171031153643.0
008 - FIXED-LENGTH DATA ELEMENTS--GENERAL INFORMATION
fixed length control field 171029s2014 bg a|||| |||| 000 0 ben d
020 ## - INTERNATIONAL STANDARD BOOK NUMBER
International Standard Book Number 9789849076414
035 ## - SYSTEM CONTROL NUMBER
system control number (BD-JhCC)2078
040 ## - CATALOGING SOURCE
Original cataloging agency BD-JhCC
Modifying agency BD-JhCC
041 ## - LANGUAGE CODE
Language code of Book ben
082 ## - DEWEY DECIMAL CLASSIFICATION NUMBER
Classification number 591.5
Author mark and Year RAH 2014
100 ## - MAIN ENTRY--PERSONAL NAME
Personal name রহমান, রেজাউর
245 ## - TITLE STATEMENT
Title পিঁপড়া /
Statement of responsibility, etc রেজাউর রহমান
260 ## - PUBLICATION, DISTRIBUTION, ETC. (IMPRINT)
Place of publication, distribution, etc ঢাকা :
Name of publisher, distributor, etc প্রথমা প্রকাশন,
Date of publication, distribution, etc ২০১৪.
300 ## - PHYSICAL DESCRIPTION
Pagination ৩১ পৃ. :
Other physical details ill. ;
Dimensions ২৩ সেমি.
650 ## - SUBJECT ADDED ENTRY--TOPICAL TERM
Topical term or geographic name as entry element Ant
650 ## - SUBJECT ADDED ENTRY--TOPICAL TERM
Topical term or geographic name as entry element Animals.
942 ## - ADDED ENTRY ELEMENTS (KOHA)
Source of classification or shelving scheme Dewey Decimal Classification
Koha item type Books
Holdings
Source of classification or shelving scheme Damaged status Not for loan Home library Current library Shelving location Date of accession Cost, normal purchase price Total Checkouts Full call number Barcode Date last seen Copy number Koha item type
Dewey Decimal Classification     JCC Rouf Library JCC Rouf Library General Stacks 10/29/2017 150.00   591.5 RAH 2014 2323 10/29/2017 C-1 Books

JCC Library | Contacts | JCC Home

Last Update on 23 September 2017
Copyright @ 2017-2020 JCC Rouf Library
Rouf Library, Jhenidah Cadet College (JCC), Bangladesh